WWE Champions by Year - 1995 - Statistics

General Stats
  • This quiz has been taken 246 times
  • The average score is 17 of 23
Answer Stats
Title Date Event Wrestler % Correct
Intercontinental July 23 IYH: The Lumberjacks Shawn Michaels
98%
Tag Team September 24 IYH: Triple Header Shawn Michaels
98%
WWE Championship November 19 Survivor Series Bret Hart
97%
Tag Team April 2 WrestleMania XI Owen Hart
95%
Tag Team September 25 Raw Owen Hart
95%
Tag Team September 24 IYH: Triple Header Diesel
92%
Intercontinental May 19 House show Razor Ramon
87%
Intercontinental October 22 IYH: Great White North Razor Ramon
87%
Tag Team April 2 WrestleMania XI Yokozuna
86%
Tag Team September 25 Raw Yokozuna
86%
Tag Team January 23 Raw Billy Gunn
68%
Tag Team September 25 Raw Billy Gunn
68%
Tag Team January 23 Raw Bart Gunn
67%
Tag Team September 25 Raw Bart Gunn
67%
Women's April 3 Raw Alundra Blayze
66%
Women's October 23 Raw Alundra Blayze
66%
Intercontinental January 22 Royal Rumble Jeff Jarrett
64%
Intercontinental May 7 Action Zone Jeff Jarrett
64%
Intercontinental May 21 House show Jeff Jarrett
64%
Tag Team January 22 Royal Rumble The 1-2-3 Kid
62%
Intercontinental October 22 IYH: Great White North Dean Douglas
60%
Women's August 27 SummerSlam Bertha Faye
54%
Tag Team January 22 Royal Rumble Bob Holly
50%
No matching quizzes found
Score Distribution
Percent of People with Each Score
Percentile by Number Answered
Your Score History
You have not taken this quiz